000
00339nam a2200145Ia 4500
008
191201s2006 xx 000 0 und d
082
_a
658.1
_b
MOD
100
_a
BAJAJ, PS
245
0
_a
Management Process and Organisation
250
_a
Rep
260
_a
N. Delhi
_b
Excel Books
_c
2006
300
_a
574
650
_a
MBA
942
_2
ddc
_c
BK
999
_c
5363
_d
5363